00652 2200241 4500001002100000005001500021035002000036007000300056008004100059020001800100082001100118084001700129100001300146245006500159260004100224300003700265500001100302700002300313504003000336650002200366990001100388990001100399INLIS00000000000323020190418110907 a0010-0419000006ta190418 g 0 ind  a979-8966-99-6 a302.23 a302.23 ERI a0 aERIYANTO1 aAnalisis Wacana :bPengantar Analisis Teks Media /cEriyanto aYogyakarta :bLKis Yogyakarta,c2015 axxii, 370 hlm. :bilus. ;c21 cm aIndeks0 aeditor, Nurul Huda aBibliografi.: hlm 357-366 4aMEDIA. MEDIA MASA a6579 a a6579 b